| 000 | 00923nam a22002417a 4500 | ||
|---|---|---|---|
| 005 | 20080811141834.0 | ||
| 008 | 080811t xxu||||| |||| 00| p eng d | ||
| 010 | _aENG-90710 | ||
| 020 |
_c625.00 _a9788184350302 |
||
| 035 | _aEN-74243 | ||
| 037 | _bDBAD / PUB | ||
| 040 |
_aDPL _bENGLISH |
||
| 082 | _a881.08 | ||
| 100 | _aMishra, Indrajeet | ||
| 245 |
_aNativity rituals : _cby Indrajeet Mishra _bthe poetry of Jayanta Mahapatra |
||
| 260 |
_aNew Delhi _bAdhyayan Publishers & Distributors _c2008 |
||
| 300 |
_axii, 250p. _c22 cm.(Hb) |
||
| 500 | _aIncludes bibliographical references and index | ||
| 600 | _aJayanta Mahapatra (1928-) | ||
| 650 |
_aEnglish poetry _xHistory and criticism |
||
| 942 |
_2ddc _cEN _h881.08 _mMIS |
||
| 999 |
_c14814 _d14814 |
||